Państwa z największą liczbą użytkowników YouTube - Statystyki

Ogólne statystyki
  • Ten quiz został rozwiązany 292 razy
  • Średni wynik to 13 z 16
Statystyki odpowiedzi
Liczba użytkowników Państwo % Poprawnych
239 mln. Stany Zjednoczone
100%
50,7 mln. Francja
96%
462 mln. Indie
96%
67,8 mln. Niemcy
96%
144 mln. Brazylia
93%
78,6 mln. Japonia
92%
56,2 mln. Wielka Brytania
90%
42,8 mln. Włochy
89%
83,1 mln. Meksyk
85%
44,3 mln Korea Południowa
79%
139 mln. Indonezja
78%
44,7 mln. Egipt
71%
57,5 mln. Turcja
71%
71.7 mln. Pakistan
62%
44,2 mln. Tajlandia
59%
63 mln. Wietnam
59%
Nie znaleziono quizów pasujących do podanych kryteriów
Rozkład punktacji
Procent ludzi z każdym wynikiem
Percentyl według liczby udzielonych odpowiedzi
Twoja historia wyników
Nie rozwiązałeś tego quizu